[Event "Brno /Olexa/"]
[Site "?"]
[Date "2024.12.29"]
[Round "6"]
[White "Jurak, Stanislav"]
[Black "Slegl, Milan"]
[Result "0-1"]
[WhiteElo "1761"]
[BlackElo "1631"]
[PlyCount "92"]
[EventDate "2024.12.??"]

1. d4 c6 2. c4 Nf6 3. Nc3 d5 4. e3 e6 5. Bd2 g6 6. Nf3 Bg7 7. Be2 Nbd7 8. O-O O-O 9. Rc1 Re8 10. h3 dxc4 11. Bxc4 Qe7 12. Qb3 Nb6 13. Be2 Nfd7 14. Na4 Nxa4 15. Qxa4 b5 16. Qb3 Bb7 17. Bc3 a5 18. a3 Nb6 19. Rfd1 Nd5 20. Be1 Rec8 21. Qc2 b4 22. a4 Ba6 23. Bxa6 Rxa6 24. Qc5 Ra7 25. b3 Qb7 26. Qc2 Qa8 27. Nd2 Nc3 28. Nc4 Nxd1 29. Rxd1 Qb8 30. Qe4 c5 31. d5 exd5 32. Rxd5 Rd8 33. Qd3 Rxd5 34. Qxd5 Qc7 35. Kf1 Bc3 36. g3 Bxe1 37. Kxe1 Qe7 38. Ke2 Ra6 39. h4 h5 40. Qd3 Ra8 41. e4 Rd8 42. Qe3 Qd7 43. Kf3 Qd1+ 44. Kf4 Rd3 45. Qxc5 Qf3+ 46. Kg5 Kh7 0-1

[Event "Brno /Olexa/"]
[Site "?"]
[Date "2024.12.29"]
[Round "6"]
[White "Prihoda, Josef"]
[Black "Divis, Jan"]
[Result "1-0"]
[WhiteElo "1631"]
[BlackElo "1706"]
[PlyCount "91"]
[EventDate "2024.12.??"]

1. Nf3 Nf6 2. c4 e6 3. e3 d5 4. Nc3 c6 5. Be2 Be7 6. d4 O-O 7. O-O Nbd7 8. b3 a5 9. Bb2 Re8 10. Qc2 h6 11. Rac1 Bd6 12. c5 Bc7 13. a3 e5 14. b4 e4 15. Nd2 axb4 16. axb4 Nf8 17. g3 N8h7 18. Ra1 Rxa1 19. Rxa1 Ng5 20. b5 Bg4 21. Qd1 Bxe2 22. Qxe2 Qc8 23. f4 Ne6 24. Na2 cxb5 25. Qxb5 Ng4 26. Qe2 h5 27. Nb4 Nf6 28. Nb1 Nd8 29. Nc3 Qh3 30. Ncxd5 Nxd5 31. Nxd5 Bb8 32. Nc3 h4 33. Qg2 Qxg2+ 34. Kxg2 hxg3 35. hxg3 Nc6 36. Kf2 f5 37. Rb1 Nb4 38. Ke2 Nd3 39. Bc1 Nxc1+ 40. Rxc1 Rd8 41. Rb1 g5 42. Rxb7 gxf4 43. gxf4 Rf8 44. Nd5 Rd8 45. Nf6+ Kf8 46. Rxb8 1-0

[Event "Brno /Olexa/"]
[Site "?"]
[Date "2024.12.29"]
[Round "6"]
[White "Hayrumyan, Artur"]
[Black "Hala, Pavel"]
[Result "1-0"]
[WhiteElo "1721"]
[BlackElo "1697"]
[PlyCount "123"]
[EventDate "2024.12.??"]

1. d4 d6 2. Nc3 e6 3. Bf4 h6 4. e4 Nd7 5. e5 d5 6. Nb1 Nb6 7. b3 c5 8. c3 Ne7 9. Bd3 cxd4 10. cxd4 a6 11. Nf3 Ng6 12. Bxg6 fxg6 13. Qd3 Kf7 14. Bg3 Be7 15. h4 Qe8 16. Bf4 Kg8 17. Nbd2 Qf7 18. Be3 Qf5 19. Qc3 Bd8 20. Nh2 Bd7 21. g4 Qf7 22. a4 Be8 23. Nhf1 Rc8 24. Qd3 Qc7 25. Ng3 Qc3 26. Qb1 Qc2 27. f4 h5 28. Qxc2 Rxc2 29. gxh5 gxh5 30. f5 Rc6 31. fxe6 Rxe6 32. Nf5 Kh7 33. Bf2 Bg6 34. Ne3 Rf8 35. a5 Nc8 36. Nxd5 Ne7 37. Nxe7 Rxe7 38. Ke2 Ref7 39. Bg3 Bf5 40. Rac1 Bg4+ 41. Ke3 Bxa5 42. d5 Bb6+ 43. Kd3 Bf5+ 44. Ke2 Bg4+ 45. Ke1 Be3 46. Rc3 Bxd2+ 47. Kxd2 Rf3 48. Rxf3 Rxf3 49. Rg1 Rxb3 50. e6 Rb5 51. e7 Rxd5+ 52. Ke3 Bd7 53. Rf1 Kg8 54. Rf8+ Kh7 55. e8=Q Bxe8 56. Rxe8 a5 57. Re5 Rxe5+ 58. Bxe5 b5 59. Kd3 Kg6 60. Bf4 Kf5 61. Kc3 Ke4 62. Bg5 1-0

[Event "Brno /Olexa/"]
[Site "?"]
[Date "2024.12.30"]
[Round "7"]
[White "Kapusta, Petr"]
[Black "Vyskocil, Neklan"]
[Result "0-1"]
[WhiteElo "2123"]
[BlackElo "2260"]
[Annotator "Kalendovský,Jan"]
[PlyCount "50"]
[EventDate "2024.12.??"]

1. e4 g6 2. d4 d6 3. Be3 Nf6 4. Nd2 Bg7 5. Be2 {(R)} e5 6. h4 exd4 7. Bxd4 Nc6 8. Bc3 O-O 9. h5 Qe7 10. hxg6 hxg6 11. Bf3 d5 12. Bxf6 Bxf6 13. Kf1 Nd4 14. exd5 Bf5 15. c3 Bc2 16. Qe1 Bd3+ 17. Ne2 Nc2 18. Qd1 Nxa1 19. Qxa1 Rfe8 20. Qd1 Rad8 21. Nb3 Rxd5 22. Kg1 Be4 23. Ned4 c5 24. Bxe4 Qxe4 25. Qf3 cxd4 0-1

[Event "Brno /Olexa/"]
[Site "?"]
[Date "2024.12.30"]
[Round "7"]
[White "Svobodova, Michaela"]
[Black "Jires, Jiri"]
[Result "1-0"]
[WhiteElo "2001"]
[BlackElo "2134"]
[PlyCount "111"]
[EventDate "2024.12.??"]

1. e4 c5 2. Nf3 Nc6 3. Bb5 e6 4. O-O Nge7 5. d4 cxd4 6. Nxd4 e5 7. Nf3 d6 8. Nc3 Bg4 9. h3 Be6 10. Ng5 Ng6 11. Be3 Be7 12. Nxe6 fxe6 13. Qg4 Qc8 14. Rad1 O-O 15. Bc4 Nd8 16. Bb3 Nf4 17. Bxf4 Rxf4 18. Qh5 Nf7 19. Rd3 Rf6 20. Qe2 a6 21. Rf3 Rg6 22. Rd1 Qc7 23. Rdd3 Bh4 24. Nd1 Qe7 25. Rc3 Rd8 26. Rfd3 Ng5 27. Rc4 Rd7 28. Rc8+ Rd8 29. Rxd8+ Qxd8 30. Rc3 h6 31. Kh1 Nf7 32. Qc4 Kh7 33. Qe2 d5 34. exd5 exd5 35. Qf3 Rf6 36. Qxd5 Qxd5 37. Bxd5 Rd6 38. Rd3 Rf6 39. g3 Bg5 40. h4 Bc1 41. c4 b6 42. a3 Nd6 43. Rc3 Bxb2 44. Nxb2 Rxf2 45. Nd3 Re2 46. Nc1 Rd2 47. Nb3 Ra2 48. c5 bxc5 49. Nxc5 Rd2 50. Rd3 Re2 51. Bf3 Re1+ 52. Kg2 Nc4 53. Be4+ g6 54. Rd7+ Kh8 55. Bxg6 Nxa3 56. Ne6 1-0

[Event "Brno /Olexa/"]
[Site "?"]
[Date "2024.12.30"]
[Round "7"]
[White "Mudrak, Josef"]
[Black "Hajek, Oskar"]
[Result "1-0"]
[WhiteElo "2194"]
[BlackElo "2265"]
[PlyCount "69"]
[EventDate "2024.12.??"]

1. d4 Nf6 2. Nf3 c5 3. c4 cxd4 4. Nxd4 e5 5. Nb5 d5 6. cxd5 Bc5 7. N5c3 O-O 8. e3 e4 9. a3 Re8 10. b4 Bd6 11. Bb2 a6 12. h3 Bf5 13. Nd2 Nbd7 14. Nc4 Ne5 15. Nxd6 Qxd6 16. Qd4 Rac8 17. Be2 Nd3+ 18. Bxd3 exd3 19. O-O b5 20. e4 Rc4 21. Qxd3 Nxe4 22. Rfe1 Qg6 23. Rad1 Rd8 24. Qe3 h6 25. Ne2 Ng5 26. Ng3 Bxh3 27. gxh3 Nxh3+ 28. Kf1 Nf4 29. Qf3 h5 30. Re4 Rxe4 31. Qxe4 Qg4 32. Rd4 g5 33. Qf5 Qh4 34. Re4 Kf8 35. Bf6 1-0

[Event "Brno /Olexa/"]
[Site "?"]
[Date "2024.12.30"]
[Round "7"]
[White "Sknouril, Jakub"]
[Black "Sorf, Filip"]
[Result "1-0"]
[WhiteElo "1940"]
[BlackElo "1705"]
[PlyCount "141"]
[EventDate "2024.12.??"]

1. Nf3 Nf6 2. c3 d5 3. d4 Bf5 4. Qb3 b6 5. Ne5 Nbd7 6. Qa4 c5 7. Bf4 Nh5 8. Bg3 Nxg3 9. hxg3 Qc7 10. e3 f6 11. Nxd7 Bxd7 12. Qc2 cxd4 13. exd4 f5 14. Bd3 e6 15. Qe2 Be7 16. Nd2 Kf7 17. Nf3 Bf6 18. O-O-O a6 19. Rde1 b5 {(R)} 20. Ne5+ Bxe5 21. Qxe5 Qxe5 22. Rxe5 Rae8 23. Be2 Bc6 24. g4 Kf6 25. Rh3 g6 26. Bf3 Reg8 27. Rh1 Rg7 28. Kd2 Bb7 29. Rhe1 Bc8 30. Bd1 h5 {(R)} 31. Rh1 h4 32. Rh3 Bb7 33. Rhe3 Re8 34. Rf3 Reg8 35. Rfe3 Re8 36. f4 Kf7 37. g5 Rh7 38. Rh3 Reh8 39. a4 Bc6 40. a5 Bb7 41. Ke3 Bc6 42. Kf2 Bb7 43. Re1 Bc8 44. Reh1 Kg7 45. g3 hxg3+ 46. Kxg3 Rxh3+ 47. Rxh3 Rxh3+ 48. Kxh3 Kf7 49. Kg3 Ke7 50. Kf2 Kd6 51. Ke3 Bd7 52. Kd3 Bc6 53. Kc2 b4 54. cxb4 Bb5 55. Kc3 Kc6 56. Bh5 Kd7 57. Bxg6 Ke7 58. Bh5 Kf8 59. Kd2 Kg7 60. Be2 Kg6 61. Bxb5 axb5 62. a6 Kh5 63. a7 Kh4 64. a8=Q Kg3 65. Qh8 e5 66. g6 Kf3 67. g7 e4 68. Qh1+ Kf2 69. Qe1+ Kf3 70. g8=Q Kxf4 71. Qgg3# 1-0

[Event "Brno /Olexa/"]
[Site "?"]
[Date "2024.12.30"]
[Round "7"]
[White "Wunsch, Radek"]
[Black "Pribyl, Rene"]
[Result "1-0"]
[WhiteElo "1980"]
[BlackElo "1901"]
[PlyCount "85"]
[EventDate "2024.12.??"]

1. e4 e5 2. Nf3 Nf6 3. d4 Nxe4 4. Bd3 d5 5. Nxe5 Nd7 6. Nxd7 Bxd7 7. O-O Bd6 8. c4 Nf6 9. c5 Be7 10. Re1 O-O 11. Nd2 b6 12. Qc2 Re8 13. Nf3 c6 14. Bf4 bxc5 15. dxc5 g6 16. Ne5 Nh5 17. Be3 Ng7 18. b4 Qc8 19. Nxd7 Qxd7 20. Bd4 Nh5 21. Qc3 Bf8 22. a4 a6 23. g3 Bg7 24. Bxg7 Nxg7 25. Rxe8+ Qxe8 26. Re1 Ne6 27. f4 Qe7 28. f5 gxf5 29. Bxf5 a5 30. Bxe6 axb4 31. Bxf7+ Qxf7 32. Qxb4 Qa7 33. Qg4+ Kh8 34. Qd4+ Kg8 35. Re5 Qg7 36. Qf4 h6 37. a5 Rf8 38. Qe3 Qg6 39. a6 Qb1+ 40. Qe1 Qb5 41. Re7 Qxc5+ 42. Kg2 Qc2+ 43. Kh1 1-0

[Event "Brno /Olexa/"]
[Site "?"]
[Date "2024.12.30"]
[Round "7"]
[White "Levchenko, Alisa"]
[Black "Zacek, Petr"]
[Result "0-1"]
[WhiteElo "1700"]
[BlackElo "1928"]
[PlyCount "142"]
[EventDate "2024.12.??"]

1. d4 c5 2. d5 e5 3. c4 d6 4. Nc3 f5 5. e3 Nf6 6. Nge2 g6 7. b3 Bg7 8. Bb2 O-O 9. Qc2 Qa5 10. Rd1 Na6 11. Nc1 Bd7 12. Be2 Rae8 13. O-O Nb4 14. Qd2 Qd8 15. a3 Na6 16. N3a2 Ne4 17. Qc2 Qg5 18. Bd3 Nf6 19. Qd2 f4 20. exf4 exf4 21. Ne2 Ne4 22. Bxe4 Rxe4 23. Bxg7 Rxe2 24. Bh6 Rxd2 25. Bxg5 Rxa2 26. Be7 Re8 27. Bxd6 Rxa3 28. Bxf4 Rxb3 29. Be3 b6 30. Ra1 Nb4 31. Rxa7 Bf5 32. Rb7 Nd3 33. h3 Bc8 34. Rb8 Bd7 35. Rb7 Bc8 36. Rb8 Ne5 37. Ra1 Nd7 38. Rba8 Rb4 39. Rc1 Ne5 40. Rb8 Nxc4 41. Bxc5 bxc5 42. Rxb4 cxb4 43. Rxc4 Bb7 44. d6 b3 45. d7 Rd8 46. Rc7 Ba6 47. Rc3 Rxd7 48. Rxb3 Rd1+ 49. Kh2 Kg7 50. g3 Bc4 51. Rb7+ Kh6 52. g4 Bd5 53. Ra7 Kg5 54. Rxh7 Kf4 55. f3 Kxf3 56. Rh8 Kf2 57. Rf8+ Bf3 58. Rxf3+ Kxf3 59. g5 Rd2+ 60. Kg1 Ra2 61. h4 Kg4 62. h5 Kxh5 63. Kf1 Kxg5 64. Ke1 Kf4 65. Kf1 Kf3 66. Ke1 g5 67. Kd1 g4 68. Kc1 g3 69. Kb1 Re2 70. Kc1 g2 71. Kd1 g1=Q# 0-1

[Event "Brno /Olexa/"]
[Site "?"]
[Date "2024.12.30"]
[Round "7"]
[White "Borkovec, Ondrej"]
[Black "Nerud, Matous"]
[Result "0-1"]
[WhiteElo "1788"]
[BlackElo "1918"]
[PlyCount "54"]
[EventDate "2024.12.??"]

1. d4 g6 2. c4 Bg7 3. Nc3 d6 4. Nf3 Nc6 5. Bg5 h6 6. Bh4 Bg4 7. e3 g5 8. Bg3 e5 9. dxe5 Nxe5 10. Be2 Bxf3 11. Bxf3 c6 12. Be2 Qa5 13. O-O O-O-O 14. a3 h5 15. b4 Qc7 16. Bxe5 Bxe5 17. Rc1 d5 18. Nb5 Bxh2+ 19. Kh1 Qe5 20. cxd5 Rxd5 21. Nxa7+ Kb8 22. Qa4 Ne7 23. Bf3 Rd6 24. Rc5 Qf6 25. b5 g4 26. bxc6 Nxc6 27. Bxc6 Qh4 0-1

[Event "Brno /Olexa/"]
[Site "?"]
[Date "2024.12.30"]
[Round "7"]
[White "Bucek, Miroslav"]
[Black "Hlavac, Tomas"]
[Result "0-1"]
[WhiteElo "1757"]
[BlackElo "1690"]
[PlyCount "88"]
[EventDate "2024.12.??"]

1. e4 e6 2. d4 d5 3. exd5 exd5 4. Nf3 Nf6 5. Bd3 Be7 6. O-O O-O 7. Bg5 Bg4 8. Nbd2 h6 9. Bh4 Nbd7 10. c3 Nh5 11. Bxe7 Qxe7 12. Re1 Qd6 13. h3 Nf4 14. Nf1 Nxd3 15. Qxd3 Bh5 16. Ne5 Nxe5 17. Rxe5 Bg6 18. Qe3 Qc6 19. Re1 Be4 20. f3 f6 21. Rh5 Bg6 22. Rh4 Rae8 23. Qd2 Rxe1 24. Qxe1 Qd6 25. Qd2 Re8 26. Kf2 Kh7 27. Ng3 Qe6 28. Ne2 Qf5 29. Nf4 Bf7 30. Rg4 g5 31. Nd3 h5 32. Rg3 h4 33. Rg4 Bh5 34. Nb4 Bxg4 35. hxg4 Qe6 36. Nc2 Qd6 37. Qd3+ Kg7 38. Ne3 Qg3+ 39. Kf1 Qf4 40. Kf2 Qg3+ 41. Kf1 Qh2 42. Kf2 h3 43. Kf1 Rxe3 44. Qxe3 hxg2+ 0-1

[Event "Brno /Olexa/"]
[Site "?"]
[Date "2024.12.30"]
[Round "7"]
[White "Nisztuk, Michal"]
[Black "Milicevic, David"]
[Result "1-0"]
[WhiteElo "1622"]
[BlackElo "1729"]
[PlyCount "63"]
[EventDate "2024.12.??"]

1. e4 c6 2. d4 d5 3. exd5 cxd5 4. c4 e6 5. Nf3 Nf6 6. Nc3 Bb4 7. Bd3 Nc6 8. O-O O-O 9. Bg5 dxc4 10. Bxc4 Be7 11. Re1 Re8 12. a3 h6 13. Bh4 a6 14. b4 b5 15. Ba2 Bb7 16. Rc1 Rc8 17. Bb1 Nd5 18. Qd3 Bxh4 19. Qh7+ Kf8 20. Nxd5 Bxf2+ 21. Kxf2 Qxd5 22. Qh8+ Ke7 23. Qxg7 Rg8 24. Qxh6 Rh8 25. Qf4 Rcg8 26. Be4 Qd6 27. Qe3 Nxd4 28. Bxb7 Rxg2+ 29. Kxg2 Nxf3 30. Qxf3 Qd2+ 31. Qe2 Qg5+ 32. Kh1 1-0

[Event "Brno /Olexa/"]
[Site "?"]
[Date "2024.12.30"]
[Round "7"]
[White "Kapustova, Ema"]
[Black "Horak, Hanus"]
[Result "0-1"]
[WhiteElo "1549"]
[BlackElo "1648"]
[PlyCount "68"]
[EventDate "2024.12.??"]

1. e4 d6 2. Nf3 Nf6 3. Nc3 g6 4. Bc4 Bg7 5. O-O O-O 6. d4 Nbd7 7. Bg5 c5 8. d5 a6 9. a4 b6 10. Re1 Ng4 11. h3 Nge5 12. Be2 Nxf3+ 13. Bxf3 Ne5 14. Qe2 Bd7 15. Bf4 Qc7 16. Bxe5 Bxe5 17. Qe3 b5 18. Be2 b4 19. Nd1 Qa5 20. Qb3 Bb5 21. Ne3 Bxe2 22. Rxe2 Qc7 23. c3 {(R)} bxc3 24. bxc3 Rfb8 25. Qc4 Rb6 26. Ng4 Bg7 27. Ree1 Rab8 28. f4 Rb3 29. e5 h5 30. exd6 exd6 31. Re8+ Rxe8 32. Qxb3 hxg4 33. Qd1 gxh3 34. gxh3 Bxc3 0-1

[Event "Brno /Olexa/"]
[Site "?"]
[Date "2024.12.30"]
[Round "7"]
[White "Zeman, Arnost"]
[Black "Sorf, Ivo"]
[Result "1/2-1/2"]
[WhiteElo "1781"]
[BlackElo "1585"]
[PlyCount "68"]
[EventDate "2024.12.??"]

1. d4 d5 2. Nf3 Bf5 3. Nbd2 Nf6 4. e3 Nbd7 5. c4 e6 6. Qb3 b6 7. cxd5 exd5 8. Bb5 Be6 9. Bc6 Rb8 10. Qb5 Be7 11. Qd3 O-O 12. O-O Ne8 13. Ba4 Nd6 14. Qb1 Bf5 15. Bc2 Bxc2 16. Qxc2 c5 17. b3 Rc8 18. dxc5 Nxc5 19. Qb1 Bf6 20. Bb2 Bxb2 21. Qxb2 Qe7 22. Rfd1 Qb7 23. Nd4 Nce4 24. Rac1 Rxc1 25. Rxc1 Rc8 26. f3 Nxd2 27. Qxd2 Qd7 28. Rxc8+ Nxc8 29. Qc2 Ne7 30. a4 g6 31. Kf2 f6 32. Nb5 Nc6 33. Qc3 Kf7 34. Nd4 Nxd4 {(R)} 1/2-1/2

[Event "Brno /Olexa/"]
[Site "?"]
[Date "2024.12.30"]
[Round "7"]
[White "Slegl, Milan"]
[Black "Prihoda, Josef"]
[Result "0-1"]
[WhiteElo "1631"]
[BlackElo "1631"]
[PlyCount "100"]
[EventDate "2024.12.??"]

1. d4 Nf6 2. Nf3 e6 3. Bg5 d5 4. c3 c5 5. e3 Nc6 6. Ne5 a6 7. Nd2 Bd6 8. f4 Be7 9. Bd3 Nxe5 10. fxe5 Ng8 11. Bxe7 Nxe7 12. O-O O-O 13. Rf3 h6 14. Rh3 Qe8 15. Qg4 f5 16. Qg3 Qg6 17. Rf1 Qxg3 18. Rxg3 c4 19. Be2 Bd7 20. Bh5 Be8 21. Bxe8 Rfxe8 22. h4 Kh7 23. h5 Nc6 24. Rg6 Nd8 25. g4 fxg4 26. Rxg4 Kg8 27. Rgf4 Nc6 28. Nf3 Rf8 29. Nh4 Rxf4 30. Rxf4 Rf8 31. Kg2 Ne7 32. Kg3 b5 33. Ng6 Nxg6 34. hxg6 a5 35. a3 Rxf4 36. exf4 Kf8 37. f5 Ke7 38. Kf4 exf5 39. Kxf5 Kd7 40. e6+ Kd6 41. e7 Kxe7 42. Ke5 h5 43. Kxd5 Kf6 44. Ke4 Kxg6 45. Ke5 h4 46. d5 Kf7 47. Kd6 h3 48. Kc7 h2 49. d6 h1=Q 50. d7 Qa8 0-1

[Event "Brno /Olexa/"]
[Site "?"]
[Date "2024.12.30"]
[Round "7"]
[White "Divis, Jan"]
[Black "Hayrumyan, Artur"]
[Result "0-1"]
[WhiteElo "1706"]
[BlackElo "1721"]
[PlyCount "130"]
[EventDate "2024.12.??"]

1. d4 d5 2. Bf4 c5 3. e3 Qb6 4. b3 Bf5 5. dxc5 Qxc5 6. Bd3 Bxd3 7. Qxd3 Nc6 8. Qc3 Qxc3+ 9. Nxc3 e5 10. Bg3 Bb4 11. Nge2 d4 12. exd4 exd4 13. a3 Bxc3+ 14. Nxc3 dxc3 15. O-O-O Nge7 16. Rhe1 O-O 17. Bd6 Rfe8 18. Bxe7 Rxe7 19. Rxe7 Nxe7 20. Rd7 Nc6 21. Rd3 Re8 22. Rxc3 Re2 23. Rf3 g6 24. Kd1 Re4 25. Rc3 a6 26. f3 Re7 27. a4 h5 28. h3 Nb4 29. Rc8+ Kg7 30. Rd8 Re5 31. Rb8 b5 32. axb5 axb5 33. Kd2 Nc6 34. Rb6 Ne7 35. c4 bxc4 36. bxc4 f6 37. Rb7 Kf8 38. Rb8+ Kf7 39. Rb7 Ke6 40. g4 h4 41. Rb6+ Kf7 42. Kd3 Re1 43. c5 Rh1 44. c6 Rxh3 45. Ke4 Rh1 46. c7 Re1+ 47. Kd3 h3 48. Rb7 Rc1 49. Rb2 Rh1 50. Rb7 Nc8 51. Rb8 h2 52. Rxc8 Rd1+ 53. Ke2 h1=Q 54. Rf8+ Kxf8 55. c8=Q+ Kg7 56. Qc7+ Kf8 57. Qc5+ Ke8 58. Qc8+ Ke7 59. Qc5+ Rd6 60. Qa7+ Rd7 61. Qe3+ Kf7 62. Qb3+ Kg7 63. Qa4 Qg2+ 64. Ke3 Qd2+ 65. Ke4 Re7# 0-1

[Event "Brno /Olexa/"]
[Site "?"]
[Date "2024.12.30"]
[Round "7"]
[White "Hala, Pavel"]
[Black "Fox, Viktor"]
[Result "1/2-1/2"]
[WhiteElo "1697"]
[BlackElo "1754"]
[PlyCount "75"]
[EventDate "2024.12.??"]

1. c4 e5 2. e4 Nc6 3. Nc3 Nd4 4. d3 Bb4 5. Bd2 Nf6 6. a3 Be7 7. Nge2 c6 8. Nxd4 exd4 9. Ne2 c5 10. Ng3 d6 11. h3 h6 12. Be2 O-O 13. O-O a5 14. a4 Ne8 15. Bg4 Bg5 16. f4 Bh4 17. Kh2 Bxg3+ 18. Kxg3 f5 19. Bh5 Nc7 20. Qe1 b6 21. Kh2 Na6 22. Qg3 Nb4 23. e5 Be6 24. Bxb4 axb4 25. b3 d5 26. Bf3 Ra7 27. Qg6 Re7 28. Rad1 dxc4 29. dxc4 Qe8 30. Qg3 Kh7 31. Qh4 Rd7 32. Rd3 Qe7 33. Qf2 Rg8 34. h4 Rc8 35. g3 Qf7 36. Rg1 Ra7 37. Qg2 h5 38. Re1 1/2-1/2